Poslanie socialistického učiteľa

Podrobná bibliografia
Hlavný autor: Caban, Ernest, 1924-2000 (Autor)
Médium: Článok
Jazyk:slovenčina
Predmet:

MARC

LEADER 00000nab a2200000 a 4500
001 vtls000022001
003 SK-MaSNL
005 20260303225155.0
008 160211c1979 xo 0 slo
015 |a SNBRB19rr/mm-uuuuu 
035 |a CL0032095 
040 |a SNKBUCL  |b slo  |c SNKBUCL  |e AACR2 
041 0 |a slo 
044 |a xo  |c SK 
080 |a 371  |2 1981 
100 1 |a Caban, Ernest,  |d 1924-2000  |4 aut  |9 242093 
245 1 0 |a Poslanie socialistického učiteľa  |c Ernest Caban 
650 0 7 |a učitelia  |2 snkbucl  |9 3995 
650 0 7 |a Deň učiteľov  |2 snkbucl  |9 921347 
655 7 |a články z novín a časopisov  |2 snkbucl  |9 267496 
773 0 |t Smer  |g Roč. 31, č. 74 (26. 3. 1979), s. 1-2 
850 |a Slovenská národná knižnica v Martine  |a MTA001 
852 |a SNK  |b KIS3GCP 
958 |a RK 
992 |a RBX 
999 |c 2255999  |d 2257929